LEADER 01351nas a2200241 i 4500 001 000000217913 003 CaOOAMICUS 005 20130212000000.0 008 130103b2012 it uu u0 0ita r 013 $a196810 040 $aSeMil$bita 245 10$aEst-Ovest, la crisi come prova e provocazione :$bal bivio tra negazione e riscoperta dell'io /$cAtti del Convegno promosso da Fondazione Russia Cristiana, Milano, 19-20 ottobre, Mosca, 18-20 novembre [2012] ; a cura di Adriano Dell'Asta. 260 $aSeriate (BG) :$bRC Edizioni,$c2012. 300 $a155 p. :$bill. ;$c24 cm. 700 1 $aConvegno «Est-Ovest : la crisi come prova e provocazione. Al bivio tra negazione e riscoperta dell'io» <2012 ; Milano>.$0(OLS)http://semarc/name/76797 700 1 $aDell'Asta, Adriano,$d<1952- >.$0(OLS)http://semarc/name/1257 710 2 $aFondazione Russia Cristiana .$0(OLS)http://semarc/name/1610 774 0 $t[vedi periodico].$w()278381 850 $aSeMil 852 $aSeMil$W1$xVenegono$y1$m192 6 126$j168327$B168327$CSeMilBibl$Z2$F179810 $85 961 $aAbbonamento: Centro Editoriale Dehoniano 996 $6245$aEst-Ovest, la crisi come prova e provocazione :$bal bivio tra negazione e riscoperta dell'io$9(OLS)http://semarc/title/313038 996 $6260$aSeriate (BG) :$bRC Edizioni$9(OLS)http://semarc/publisher/44183 LEADER 01363nam a2200289 i 4500 001 000000119732 003 CaOOAMICUS 005 20031104000000.0 008 031104s1994 it u000 u ita u 013 $a92426 020 $a88-263-1038-6 040 $aSeMil$bita 100 1 $aPalumbo, Davide.$0(OLS)http://semarc/name/49892 245 10$aFuori le mura :$bfatti e documenti della comunità di base di San Paolo in Roma (1968-1985) /$cDavide Palumbo ; prefazione di Luigi Bettazzi. 260 $aRoma :$bBorla,$ccopyr. 1994. 300 $a377 p. ;$c21 cm. 500 $aContiene : Bibliografia. - Fondo Card. C.M. Martini. 650 4$aComunità di base - Italia.$0(OLS)http://semarc/subject/8091 650 4$aRoma - Chiese - Basilica di San Paolo fuori le mura - Comunità di base.$0(OLS)http://semarc/subject/22444 700 1 $aBettazzi, Luigi,$c.$0(OLS)http://semarc/name/18965 850 $aSeMil 852 $aSeMil$W1$xVenegono$y1$m3E I 77$j74939$B74939$CSeMilBibl$Z2$F85566 $81 941 1 $a4 961 $aOmaggio: Martini Card. Carlo Maria 996 $6020$a88-263-1038-6$9(OLS)http://semarc/number/104717 996 $6245$aFuori le mura :$bfatti e documenti della comunità di base di San Paolo in Roma (1968-1985)$9(OLS)http://semarc/title/176045 996 $6260$aRoma :$bBorla$9(OLS)http://semarc/publisher/29677